000
00238 a2200097 4500
001
33768
100
_a
Ashfaq Ahmed
245
_a
Safar Maina : Aafsany, Safar Namy, Navlt [Urdu]
260
_a
Lahore
_b
Sange Meel
_c
090
_c
22425
_d
22425
942
_a
NUST-CAE
_c
M
_c
13809
999
_c
268841
_d
268841